The business of sex / (Record no. 83809)
[ view plain ]
| 000 -LEADER | |
|---|---|
| fixed length control field | 00922nam a22002537a 4500 |
| 005 - DATE AND TIME OF LATEST TRANSACTION | |
| control field | 20170504144329.0 |
| 010 ## - LCCN (DPL NO) | |
| LC control number | ENG-109806 |
| 020 ## - INTERNATIONAL STANDARD BOOK NUMBER | |
| International Standard Book Number | 9789381017814 |
| Terms of availability | 495.00 |
| 035 ## - SYSTEM CONTROL NUMBER | |
| System control number | EN-93339 |
| 035 ## - SYSTEM CONTROL NUMBER | |
| System control number | B-534573 |
| 035 ## - SYSTEM CONTROL NUMBER | |
| System control number | B-667856 |
| 037 ## - SOURCE OF ACQUISITION | |
| Source of stock number/acquisition | DBAD/PUB |
| 037 ## - SOURCE OF ACQUISITION | |
| Source of stock number/acquisition | Star Publications/Ven |
| Stock number | dpl |
| 082 ## - DEWEY DECIMAL CLASSIFICATION NUMBER | |
| Classification number | 306.743 |
| 245 00 - TITLE STATEMENT | |
| Title | The business of sex / |
| Statement of responsibility, etc | edited by Laxmi Murthy [and] Meena Saraswathi Seshu |
| 260 ## - PUBLICATION, DISTRIBUTION, ETC. (IMPRINT) | |
| Place of publication, distribution, etc | New Delhi |
| Name of publisher, distributor, etc | Zubaan |
| Date of publication, distribution, etc | 2013 |
| 270 ## - ADDRESS | |
| Address | 128 B Shahpur Jat, 1st Floor |
| City | New Delhi |
| Postal code | 110049 |
| 300 ## - PHYSICAL DESCRIPTION | |
| Extent | 248p. |
| Dimensions | 22cm(Hb) |
| 700 ## - ADDED ENTRY--PERSONAL NAME | |
| Personal name | Murthy, Laxmi |
| 700 ## - ADDED ENTRY--PERSONAL NAME | |
| Personal name | Seshu, Meena Saraswathi |
| 942 ## - ADDED ENTRY ELEMENTS (KOHA) | |
| Source of classification or shelving scheme | Dewey Decimal Classification |
| Item type | English Books |
| Call number suffix | BUS |
| Classification part | 306.743 |
| Withdrawn status | Lost status | Not for loan | Collection code | Home library | Current library | Date acquired | Source of acquisition | Cost, normal purchase price | Full call number | Barcode | Copy number | Cost, replacement price | Koha item type |
|---|---|---|---|---|---|---|---|---|---|---|---|---|---|
| Non-fiction | Ashok Vihar | Ashok Vihar | 04/05/2017 | BPPD/EN/2013-14/AV/16-17/364/15.2.2017/SP/2277/3.3.2017/ 18.3.2017 | 495.00 | 306.743 BUS | B-667856 | 1 | 495.00 | English Books | |||
| Non-fiction | Central Library | Central Library | 18/07/2014 | Star Pub/SP3360/27.03.2014/144/25.03.2014/29.03.2014 | 495.00 | 306.743 BUS | B-534573 | 1 | 495.00 | English Books | |||
| Not For Loan | Non-fiction | D.B.Act.Division | D.B.Act.Division | 25/04/2014 | DBAD/PUB | 495.00 | 306.743 BUS | EN-93339 | 1 | 495.00 | English Books |
